000 00272nam a2200121Ia 4500
100 _a#N/A
650 _aComputer/ IT
942 _cBK
654 _amanufactures
245 _aIndian Manufactures Directory 2007 Serial No : CUST 21758
260 _b#N/A
546 _aENGLISH
999 _c26567
_d26567